<?xml version="1.0" encoding="UTF-8"?>
<collection xmlns="http://www.loc.gov/MARC21/slim">
 <record>
  <leader>04127cam a22003851a 4500</leader>
  <controlfield tag="001">000041131</controlfield>
  <controlfield tag="003">17427</controlfield>
  <controlfield tag="005">20240619151357.0</controlfield>
  <controlfield tag="008">170221s2016    vm            000   eng</controlfield>
  <datafield tag="040" ind1=" " ind2=" ">
   <subfield code="a">LNN</subfield>
  </datafield>
  <datafield tag="041" ind1=" " ind2=" ">
   <subfield code="a">eng</subfield>
  </datafield>
  <datafield tag="082" ind1=" " ind2=" ">
   <subfield code="a">428.2</subfield>
   <subfield code="b">NG-H</subfield>
  </datafield>
  <datafield tag="100" ind1=" " ind2=" ">
   <subfield code="a">Nguyễn,Thị Ngọc Hiền</subfield>
  </datafield>
  <datafield tag="245" ind1=" " ind2="3">
   <subfield code="a">An investigation into conceptual metaphors denoting time in truyện kiều versus romeo and juliet by william shakespeare /</subfield>
   <subfield code="c">Nguyễn Thị Ngọc Hiền.</subfield>
  </datafield>
  <datafield tag="260" ind1=" " ind2=" ">
   <subfield code="a">ĐHNN,</subfield>
   <subfield code="c">2016.</subfield>
  </datafield>
  <datafield tag="300" ind1=" " ind2=" ">
   <subfield code="a">109tr.: ill; 30cm.</subfield>
  </datafield>
  <datafield tag="520" ind1=" " ind2=" ">
   <subfield code="a">This study aims at conducting a contrastive analysis of conceptual metaphor denoting time in Truyện Kiều by Nguyễn Du and Romeo and Juliet by Shakespeare on the background knowledge of cognitive semantics raised by Lakoff and Johnson in their book Metaphors We Live By (1980) and by Kövecses in his book Metaphor (2010). Among four types of conceptual metaphors, the research paper just concentrates on the structural metaphors expressing time. The descriptive and contrastive methods are used in combination with the qualitative and quantitative approaches in order to help the researcher achieve the aims and objectives proposed. The data for analysis were taken from the two masterpieces with 272 samples of conceptual metaphors of time in total (143 samples in Truyện Kiều and 129 samples in Romeo and Juliet). At the result, we have figured out 17 conceptual metaphors of time in Truyện Kiều and 15 conceptual metaphors of time in Romeo and Juliet. The study has pointed out the similarities as well as the differences of conceptual metaphors denoting time in both works. Besides giving an in-depth understanding of conceptual metaphors of time in both works, the research is carried out with the hope of adding the voice to the variety of conceptual metaphors. Moreover, making a contribution to the variety of conceptual metaphors is also our desire. In addition, implications of the thesis could be a useful reference for those who are interested in teaching and learning conceptual metaphors.</subfield>
  </datafield>
  <datafield tag="650" ind1=" " ind2=" ">
   <subfield code="a">investigation</subfield>
  </datafield>
  <datafield tag="653" ind1=" " ind2=" ">
   <subfield code="a">metaphors</subfield>
  </datafield>
  <datafield tag="653" ind1=" " ind2=" ">
   <subfield code="a">time in truyện kiều</subfield>
  </datafield>
  <datafield tag="653" ind1=" " ind2=" ">
   <subfield code="a">juliet</subfield>
  </datafield>
  <datafield tag="OWN" ind1=" " ind2=" ">
   <subfield code="a">LNN</subfield>
  </datafield>
  <datafield tag="AVA" ind1=" " ind2=" ">
   <subfield code="a">UDN50</subfield>
   <subfield code="b">LNN</subfield>
   <subfield code="c">English</subfield>
   <subfield code="d">428.2 NG-H</subfield>
   <subfield code="e">available</subfield>
   <subfield code="t">Error 5001 Not defined in file expand_doc_bib_avail.</subfield>
   <subfield code="f">1</subfield>
   <subfield code="g">0</subfield>
   <subfield code="h">N</subfield>
   <subfield code="i">0</subfield>
   <subfield code="j">AN</subfield>
   <subfield code="k">1</subfield>
  </datafield>
  <datafield tag="Z40" ind1="3" ind2=" ">
   <subfield code="y">AN INVESTIGATION INTO CONCEPTUAL METAPHORS DENOTING TIME IN TRUYỆN KIỀU VERSUS ROMEO AND JULIET</subfield>
   <subfield code="l">Library of UFL</subfield>
   <subfield code="t">VIEW</subfield>
   <subfield code="x">http://catalog.udn.vn:80/F?func=service&amp;doc_library=UDN01&amp;local_base=UDN01&amp;doc_number=000041131&amp;sequence=000001&amp;line_number=0001&amp;func_code=DB_RECORDS&amp;service_type=MEDIA</subfield>
   <subfield code="f">TOMTAT_000007957.pdf</subfield>
   <subfield code="e">pdf</subfield>
   <subfield code="s">000427561</subfield>
   <subfield code="k">20200913</subfield>
   <subfield code="m">NTMTHI</subfield>
  </datafield>
  <datafield tag="Z40" ind1="3" ind2=" ">
   <subfield code="y">AN INVESTIGATION INTO CONCEPTUAL METAPHORS DENOTING TIME IN TRUYỆN KIỀU VERSUS ROMEO AND JULIET</subfield>
   <subfield code="l">Library of UFL</subfield>
   <subfield code="t">VIEW</subfield>
   <subfield code="x">http://catalog.udn.vn:80/F?func=service&amp;doc_library=UDN01&amp;local_base=UDN01&amp;doc_number=000041131&amp;sequence=000002&amp;line_number=0002&amp;func_code=DB_RECORDS&amp;service_type=MEDIA</subfield>
   <subfield code="f">LUANVAN_000007959.pdf</subfield>
   <subfield code="e">pdf</subfield>
   <subfield code="s">001420900</subfield>
   <subfield code="k">20200913</subfield>
   <subfield code="m">NTMTHI</subfield>
  </datafield>
  <datafield tag="999" ind1=" " ind2=" ">
   <subfield code="a">From the UDN01</subfield>
  </datafield>
  <datafield tag="AVA" ind1=" " ind2=" ">
   <subfield code="a">UDN50</subfield>
   <subfield code="b">LNN</subfield>
   <subfield code="c">English</subfield>
   <subfield code="d">428.2 NG-H</subfield>
   <subfield code="e">available</subfield>
   <subfield code="t">Error 5001 Not defined in file expand_doc_bib_avail.</subfield>
   <subfield code="f">1</subfield>
   <subfield code="g">0</subfield>
   <subfield code="h">N</subfield>
   <subfield code="i">0</subfield>
   <subfield code="j">AN</subfield>
   <subfield code="k">1</subfield>
  </datafield>
  <datafield tag="TYP" ind1=" " ind2=" ">
   <subfield code="a">Monograph</subfield>
  </datafield>
  <datafield tag="TYP" ind1=" " ind2=" ">
   <subfield code="a">Printed language</subfield>
  </datafield>
  <datafield tag="856" ind1=" " ind2=" ">
   <subfield code="y">AN INVESTIGATION INTO CONCEPTUAL METAPHORS DENOTING TIME IN TRUYỆN KIỀU VERSUS ROMEO AND JULIET</subfield>
   <subfield code="l">Library of UFL</subfield>
   <subfield code="t">VIEW</subfield>
   <subfield code="x">http://catalog.udn.vn:80/F?func=service&amp;doc_library=UDN01&amp;local_base=UDN01&amp;doc_number=000041131&amp;sequence=000001&amp;line_number=0001&amp;func_code=DB_RECORDS&amp;service_type=MEDIA</subfield>
   <subfield code="f">TOMTAT_000007957.pdf</subfield>
   <subfield code="e">pdf</subfield>
   <subfield code="s">000427561</subfield>
   <subfield code="k">20200913</subfield>
   <subfield code="m">NTMTHI</subfield>
  </datafield>
  <datafield tag="856" ind1=" " ind2=" ">
   <subfield code="y">AN INVESTIGATION INTO CONCEPTUAL METAPHORS DENOTING TIME IN TRUYỆN KIỀU VERSUS ROMEO AND JULIET</subfield>
   <subfield code="l">Library of UFL</subfield>
   <subfield code="t">VIEW</subfield>
   <subfield code="x">http://catalog.udn.vn:80/F?func=service&amp;doc_library=UDN01&amp;local_base=UDN01&amp;doc_number=000041131&amp;sequence=000002&amp;line_number=0002&amp;func_code=DB_RECORDS&amp;service_type=MEDIA</subfield>
   <subfield code="f">LUANVAN_000007959.pdf</subfield>
   <subfield code="e">pdf</subfield>
   <subfield code="s">001420900</subfield>
   <subfield code="k">20200913</subfield>
   <subfield code="m">NTMTHI</subfield>
  </datafield>
  <datafield tag="980" ind1=" " ind2=" ">
   <subfield code="a">Mạng thư viện Đại học Đà Nẵng</subfield>
  </datafield>
 </record>
</collection>
